<?xml version="1.0" encoding="UTF-8"?><?xml-stylesheet type="text/xsl" href="static/style.xsl"?><OAI-PMH xmlns="http://www.openarchives.org/OAI/2.0/" xmlns:xsi="http://www.w3.org/2001/XMLSchema-instance" xsi:schemaLocation="http://www.openarchives.org/OAI/2.0/ http://www.openarchives.org/OAI/2.0/OAI-PMH.xsd"><responseDate>2026-04-13T07:13:06Z</responseDate><request verb="GetRecord" identifier="oai:www.recercat.cat:10230/55712" metadataPrefix="marc">https://recercat.cat/oai/request</request><GetRecord><record><header><identifier>oai:recercat.cat:10230/55712</identifier><datestamp>2025-12-20T16:49:28Z</datestamp><setSpec>com_2072_6</setSpec><setSpec>col_2072_452952</setSpec></header><metadata><record xmlns="http://www.loc.gov/MARC21/slim" xmlns:dcterms="http://purl.org/dc/terms/" xmlns:xsi="http://www.w3.org/2001/XMLSchema-instance" xmlns:doc="http://www.lyncode.com/xoai" xsi:schemaLocation="http://www.loc.gov/MARC21/slim http://www.loc.gov/standards/marcxml/schema/MARC21slim.xsd">
   <leader>00925njm 22002777a 4500</leader>
   <datafield ind2=" " ind1=" " tag="042">
      <subfield code="a">dc</subfield>
   </datafield>
   <datafield ind2=" " ind1=" " tag="720">
      <subfield code="a">Capurro, Bruno Michele</subfield>
      <subfield code="e">author</subfield>
   </datafield>
   <datafield ind2=" " ind1=" " tag="720">
      <subfield code="a">Reina, Francisco</subfield>
      <subfield code="e">author</subfield>
   </datafield>
   <datafield ind2=" " ind1=" " tag="720">
      <subfield code="a">Carrera, Anna</subfield>
      <subfield code="e">author</subfield>
   </datafield>
   <datafield ind2=" " ind1=" " tag="720">
      <subfield code="a">Monllau García, Juan Carlos</subfield>
      <subfield code="e">author</subfield>
   </datafield>
   <datafield ind2=" " ind1=" " tag="720">
      <subfield code="a">Marqués López, Fernando</subfield>
      <subfield code="e">author</subfield>
   </datafield>
   <datafield ind2=" " ind1=" " tag="720">
      <subfield code="a">Marín-Peña, Oliver</subfield>
      <subfield code="e">author</subfield>
   </datafield>
   <datafield ind2=" " ind1=" " tag="720">
      <subfield code="a">Torres-Eguía, Raúl</subfield>
      <subfield code="e">author</subfield>
   </datafield>
   <datafield ind2=" " ind1=" " tag="720">
      <subfield code="a">Tey Pons, Marcos</subfield>
      <subfield code="e">author</subfield>
   </datafield>
   <datafield ind2=" " ind1=" " tag="260">
      <subfield code="c">2023-02-10T07:30:49Z</subfield>
   </datafield>
   <datafield ind2=" " ind1=" " tag="260">
      <subfield code="c">2023-02-10T07:30:49Z</subfield>
   </datafield>
   <datafield ind2=" " ind1=" " tag="260">
      <subfield code="c">2022</subfield>
   </datafield>
   <datafield ind2=" " ind1=" " tag="520">
      <subfield code="a">Background: Many advances have been made in hip labral repair and reconstruction and in the restoration of the suction seal. Purpose/hypothesis: The purpose of this study was to evaluate the biomechanical effects of segmental labral reconstruction with a synthetic polyurethane scaffold (PS) in comparison with segmental labrectomy. Our hypothesis was that reconstruction with a icroporous polyurethane implant would normalize joint kinetics of the hip and restore the suction seal. Study design: Controlled laboratory study. Methods: We used 10 hips from 5 fresh-frozen pelvises with an intact acetabular labrum without osteoarthritis. Using an intra-articular pressure measurement system, the contact area, contact pressure, and peak force were assessed for the following conditions: intact labrum, partial anterosuperior labrectomy, and PS reconstruction. For each condition, all specimens were analyzed in 4 positions (90° of flexion, 90° of flexion and internal rotation, 90° of flexion and external rotation, and 20° of extension) and underwent a labral seal test. The relative change from the intact condition was determined for all conditions and positions. Results: Compared with the intact labrum, labrectomy resulted in a significant decrease in the contact area (P &amp;lt; .001) and a significant increase in the peak force (P &amp;lt; .001) and contact pressure (P &amp;lt; .001) across all positions. Compared with labrectomy, PS reconstruction resulted in a significant increase in the contact area (P &amp;lt; .001) and a significant decrease in the contact pressure (P ≤ .02) and peak force (P &amp;lt; .001) across all positions. Compared with the intact labrum, PS reconstruction restored the contact area and peak force to normal values in all positions (P &amp;gt; .05), whereas the contact pressure was significantly decreased compared with labrectomy (P &amp;lt; .05) but did not return to normal values. The labral seal was lost in all specimens after labrectomy but was restored in 80% of the specimens after PS reconstruction. Conclusion: Femoroacetabular contact biomechanics significantly worsened after partial labrectomy; reconstruction using a PS restored the contact area and peak force to the intact state and improved the contact pressure increases seen after partial labrectomy. The contact area and peak force were normalized, and the labral seal was re-established in most cases. Clinical relevance: This study provides biomechanical evidence for the use of a scaffold for labral reconstruction.</subfield>
   </datafield>
   <datafield tag="653" ind2=" " ind1=" ">
      <subfield code="a">Biomechanics</subfield>
   </datafield>
   <datafield tag="653" ind2=" " ind1=" ">
      <subfield code="a">Labral reconstruction</subfield>
   </datafield>
   <datafield tag="653" ind2=" " ind1=" ">
      <subfield code="a">Polyurethane scaffold</subfield>
   </datafield>
   <datafield ind2="0" ind1="0" tag="245">
      <subfield code="a">Hip labral reconstruction with a polyurethane scaffold: Restoration of femoroacetabular contact biomechanics</subfield>
   </datafield>
</record></metadata></record></GetRecord></OAI-PMH>